Pratiques sociales et médiations symboliques

Bibliographic Details
Main Authors: Grossen, Michele (Author), Py, Bernard (Adapter)
Format: Book
Language:English
PhysicalDescription:xii, 265 s. 21 cm
Published: Bern Peter Lang 1997
ISBN:3906758044
Series:Sciences pour la communication
Subjects:

MARC

LEADER 00000nam a2200000 a 4500
001 vtls001297901
003 SK-MaSNL
005 20260302070000.0
008 251113s1997 sz eng
020 |a 3906758044  |c [1419,00] 
035 |a SNK000249816 
035 |a urn:nbn:sk:snk-amkgo4 
035 |a urn:nbn:sk:snk-am002ygi 
035 |a D64FDC2E-136D-4C24-BFA4-8F6AF35B09B6 
040 |a SNK  |b slo  |c SNK  |e AACR2 
041 0 |a eng 
044 |a CH 
080 |a 316.77:003.62  |2 1981 
100 1 |a Grossen, Michele  |4 aut  |9 729929 
245 1 0 |a Pratiques sociales et médiations symboliques  |c Michele Grossen, Bernard Py (éd.) 
260 |a Bern  |b Peter Lang  |c 1997 
300 |a xii, 265 s.  |c 21 cm 
490 1 |a Sciences pour la communication  |v 50 
650 0 7 |a sociálna komunikácia  |x symbolika  |x sprostredkovanie  |x monografie  |2 SNK  |9 63869 
700 1 |a Py, Bernard  |4 adp  |9 729930 
830 0 |a Sciences pour la communication  |9 729931 
919 |a 3-906758-04-4 
999 |c 1144913  |d 1146843 
952 |t P60, <03>, [BOOK], {603}  |a SNK  |b SNK  |y PREZ  |7 0  |p 17A0069026  |o snkSC 93857  |i snkV 2063/97  |0 0  |1 0  |4 0  |d 1997-08-06  |f 1  |l 0  |r 2025-09-11 00:00:00  |w 2026-02-24